000 00478nam a2200193Ia 4500
005 20240321140256.0
008 131103s9999 xx 000 0 und d
020 _a710028954
040 _aLoreto College
041 _aEnglish
082 _a150
_bBRE
100 _aBrearley Molly
245 2 _aA Teacher's Guide to Reading Piaget
_cMolly Brearley
260 _aLondon
_bRoutledge
_c1968
300 _axii 171p
650 _apsychology
850 _aLCBED
942 _cBK
999 _c26701
_d77180